000 00351nam a2200145Ia 4500
008 230917s9999||||xx |||||||||||||| ||und||
040 _e128532
_aMAIN
041 _aEnglish
082 _a342.54 S22B
100 _aSudhir, Veddan
245 0 _aBhartiya savnidhan aur rajniti
260 _aJaipur
_bPrintwell
_c1987
300 _a316p. p.
942 _cBK
999 _c59991
_d59991